000 00506nam a22001817a 4500
003 BD-ChCU
005 20251230091623.0
008 251230b bg ||||| |||| 00| 0 ben d
040 _cBD-ChCU
082 _a361 STS
100 _aStroup , Herbert Hewitt.
_918434
245 _aSocial work :
_ban introduction to the field ./
_cHerbert Hewitt , Stroup.
250 _a2nd ed.
260 _aNew York :
_bAmi.book Co.
_cC 1960
300 _ax , 449p
650 0 _aSocial work.
_918435
942 _2ddc
_cBK
_n0
999 _c110605
_d110605